000 00351nam a2200133 i 4500
001 bg
100 1 _aWERLAN, A. F.
245 0 _aMetody resenija integralnych urawnenij na analogowych wycislitelnych masinach /
_cA.F. Werlan.
260 _aKiew,
_c1972.
040 _cBPK
041 _apol
942 _cKS
008 s pl f |000 0 pol
999 _c14511
_d14511
856 _uhttp://koha.tu.koszalin.pl/cgi-bin/koha/opac-detail.pl?biblionumber=14511
_yKatalog online BPK